Which Classic Actor Starred? Click Quiz. - Statistics

General Stats
  • This quiz has been taken 104 times
  • The average score is 11 of 15
Answer Stats
Hint Answer % Correct
Rebel Without a Cause James Dean
95%
Gone with the Wind Clark Gable
94%
Casablanca Humphrey Bogart
91%
A Streetcar Named Desire Marlon Brando
86%
The Tramp Charlie Chaplin
85%
North by Northwest Cary Grant
78%
Mr. Smith Goes to Washington Jimmy Stewart
73%
Roman Holiday Gregory Peck
71%
El Dorado John Wayne
70%
Who's Afraid of Virginia Woolf? Richard Burton
70%
The Grapes of Wrath Henry Fonda
60%
From Here to Eternity Montgomery Clift
59%
Funny Face Fred Astaire
58%
Double Indemnity Fred MacMurray
50%
Inherit the Wind Spencer Tracy
45%
No matching quizzes found
Score Distribution
Percent of People with Each Score
Percentile by Number Answered
Your Score History
You have not taken this quiz